Statistics for What Device is it? - Quiz

Click here to take the quiz!

General Stats

  • This quiz has been taken 13 times
  • The average score is 5 of 8

Answer Stats

Answer% Correct
Xbox
92%
Phone
85%
PS4
77%
TV
77%
Tablet
62%
Nintendo Game boy
46%
PC
38%
Nintendo switch
31%

Score Distribution

Percentile by Number Answered

Percent of People with Each Score

Your Score History

You have not taken this quiz